00513nam a22001457a 4500041000800000082001400008100001900022245009800041260005200139300000700191650001500198942000900213952012800222999001700350 aeng a264.6 PRA aBajri, Prakash aA Homiletic Analysis of A. B. Masilamani Preachings: With Special Reference to Ilklustrations aHyderabadbHenry Martyn Institute ( ARRC)c2022 a90 aHomiletics cTHES 001040708REFaHMIbHMIcREFd2022-06-28eM.Th student(Prakash-ARRC)l0o264.6 PRAp11-4621r2022-06-28w2022-06-28yTHES c23274d23274